000 00848cam a2200241 a 4500
001 2996383
003 OSt
005 20140306120916.0
008 930218s1995 mex spa
020 _a968-409-823-5
040 _aDLC
_cBMC
_dDLC
082 _a658.11092
100 1 _aLandrum, Gene N.
_96441
245 1 0 _aPerfil de los genios
_b: trece hombre creativos que cambiaron al mundo
_cGene N. Landrum ; [traducción, Luis Gabriel Torres]
260 _aMéxico, D.F.
_bEDAMEX
_c1995
300 _a354 p.
_c21 cm
500 _aÍndice: p. [351]-354
504 _aReferencias bibliográficas: p. [341]-350
594 _1Tít. de la obra orig. en inglés: Profiles of genius : thirteen creative men who changed the world
650 2 4 _aEmprendedores
_96527
_vBiografías
700 1 _96442
_aTorres González, Luis Gabriel
942 _2ddc
_cBK
999 _c2805
_d2805